|
|
|
|
| LEADER |
00000nam a2200000Ii 4500 |
| 001 |
DIGUNIMAG0205 |
| 003 |
NyNyDIG |
| 006 |
m o d |
| 007 |
cr ||||||||||| |
| 008 |
250915s2025 ck o 000 j spa d |
| 035 |
|
|
|a (OCoLC)1524204946
|
| 040 |
|
|
|a DGITA
|b eng
|e rda
|e pn
|c DGITA
|
| 020 |
|
|
|a 9789587468175
|q (pdf)
|
| 020 |
|
|
|a 9789587468182
|q (ePub)
|
| 020 |
|
|
|z 9789587468168
|q (impreso)
|
| 024 |
7 |
|
|a https://doi.org/10.21676/9789587468168.9789587468175
|
| 043 |
|
|
|a s-ck---
|
| 050 |
1 |
4 |
|a PQ8176 ebook
|
| 245 |
0 |
0 |
|a Cuentos felinos.
|n 9 /
|c Martiniano Acosta A. [and 9 others].
|
| 250 |
|
|
|a Primera edición.
|
| 264 |
|
1 |
|a Santa Marta D.T.C.H. :
|b Editorial Unimagdalena,
|c [2025]
|
| 300 |
|
|
|a 1 online resource.
|
| 336 |
|
|
|a text
|b txt
|2 rdacontent
|
| 337 |
|
|
|a computer
|b c
|2 rdamedia
|
| 338 |
|
|
|a online resource
|b cr
|2 rdacarrier
|
| 347 |
|
|
|a text file
|2 rdaft
|
| 347 |
|
|
|b PDF
|
| 588 |
0 |
|
|a Online resource; title from PDF title page (Digitalia, viewed September 15, 2025)
|
| 650 |
|
0 |
|a Short stories, Colombian
|y 21st century.
|
| 655 |
|
7 |
|a Short stories.
|2 lcgft
|
| 700 |
1 |
|
|a Acosta A., Martiniano,
|e author.
|
| 776 |
0 |
8 |
|i Print version:
|t Cuentos felinos. 9.
|b Primera edición.
|d Santa Marta D.T.C.H. : Editorial Unimagdalena, [2025]
|z 9789587468168
|
| 791 |
2 |
|
|a Digitalia (Firm),
|e distributor.
|
| 793 |
0 |
|
|g Digitalia eBook Collection:
|a Universidad del Magdalena
|
| 856 |
4 |
0 |
|3 Digitalia Hispánica
|u https://www.digitaliapublishing.com/a/175931/
|
| 910 |
|
|
|a Premium collection: 2025
|